Alle Bahnhöfe in der Stadt Zürich - Statistiken

Allgemein
  • Dieses Quiz wurde 328 mal gespielt
  • Das Durchschnittsergebnis liegt bei 15 aus 26
Antwortstatistiken
Bahnen Stadtkreis Antwort % Korrekt
SBB/SZU Kreis 1 / Altstadt Zürich Hauptbahnhof
98%
SBB Kreis 11 Oerlikon
92%
SBB Kreis 3 / Wiedikon Wiedikon
92%
SBB Kreis 1 / Altstadt Stadelhofen
89%
SBB Kreis 9 Altstetten
88%
SBB Kreis 5 / Industriequartier Hardbrücke
84%
SBB Kreis 2 Enge
83%
SBB Kreis 12 / Schwamendingen Stettbach
70%
SBB Kreis 2 Wollishofen
64%
SBB Kreis 11 Seebach
61%
SZU Kreis 4 / Aussersihl Selnau
59%
SBB Kreis 10 Wipkingen
59%
SBB Kreis 8 / Riesbach Tiefenbrunnen
57%
SBB Kreis 11 Affoltern
52%
SZU Kreis 3 / Wiedikon Triemli
49%
SZU Kreis 3 / Wiedikon Uetliberg
46%
SZU Kreis 3 / Wiedikon Saalsporthalle
41%
SZU Kreis 3 / Wiedikon Binz
40%
SZU Kreis 2 Leimbach
37%
SZU Kreis 3 / Wiedikon Friesenberg
36%
SZU Kreis 3 / Wiedikon Giesshübel
35%
SZU Kreis 2 Brunau
34%
SZU Kreis 9 Uitikon Waldeck
34%
SZU Kreis 2 Manegg
29%
SZU Kreis 9 Ringlikon
26%
SZU Kreis 3 / Wiedikon Schweighof
21%
Keine übereinstimmenden Quizze gefunden
Verteilung der Resultate
Anzahl Personen mit jedem Resultat
Perzentil nach korrekt beantworteten Fragen
Ihre Resultats-Entwicklung
Sie haben dieses Quiz noch nicht gespielt